banner-ar

الرواية و تحرير المجتمع / (Record no. 62941)

MARC details
000 -الفاتح
حقل البيانات ثابتة الطول 00757nam a22002177a 4500
005 - وقت وتاريخ اخر تعامل مع التسجيلة
رقم الضبط 20240530110615.0
008 - عناصر البيانات ثابتة الطول - معلومات عامة
حقل البيانات ثابتة الطول 161128s2014 ua g 000 1dara d
017 ## - رقم الايداع القانونى
رقم الايداع القانونى 2014/17967
المصدر ( الهيئة المختصة) مصر. دار الكتب
020 ## - الرقم الدولى المعيارى للكتب
الرقم الدولى المعيارى للكتاب 9789774279263
040 ## - مصدر الفهرسة
وكالة الفهرسة الأصلية EG-CaGPL
وكالة النسخ EG-CaGPL
082 04 - رقم تصنيف ديوى العشرى
رقم الطبعة 21
رقم التصنيف 813.009\
رقم المادة أ ر
100 0# - المدخل الرئيسى - إسم شخصى
الإسم الشخصى امانى فؤاد
245 12 - بيان العنوان
العنوان الرواية و تحرير المجتمع /
بيان المسئوليه,etc امانى فؤاد
250 ## - بيان الطبعة
بيان الطبعة ط.1.
260 ## - PUBLICATION, DISTRIBUTION, ETC. (IMPRINT)
تاريخ النشر أو التوزيع 2014 .
300 ## - الوصف المادى
التعداد 390 ص. ؛
أبعاد الوعاء 19 سم .
650 07 - المدخل الاضافى بالموضوع-مصطلح موضوعى
مصدر الرأس أو المصطلح qrmak
مصطلح موضوعي القصص العربية
التقسيم الفرعي العام تاريخ ونقد
650 07 - المدخل الاضافى بالموضوع-مصطلح موضوعى
مصدر الرأس أو المصطلح qrmak
مصطلح موضوعي الادب العربى
942 ## - عناصر المدخل الإضافي( كوها)
مصدر التصنيف او مخطط الترفيف Dewey Decimal Classification
Koha [default] item type كتاب
260 ## - PUBLICATION, DISTRIBUTION, ETC. (IMPRINT)
-- القاهرة :
-- الدار المصرية اللبنانية ،
Holdings
حالة التراجع حالة الفقد حالة تلف ليس للاعارة المكان المؤقت الموقع الحالى موقع الترفيف تاريخ الاكتساب اجمالي اﻻعارات رقم الطلب الباركود تاريخ اخر مشاهدة تاريخ تفعيل السعر نوع وعاء كوها
        مكتبة القاهرة الكبرى مكتبة القاهرة الكبرى القاعة الرئيسية 11/28/2016   813.009\ أ ر 162860 11/28/2016 11/28/2016 كتاب

Powered By

EGPV